[Event "4NCL Online Division 3"]
[Site "online"]
[Date "2022.02.08"]
[EventDate "2022.02.08"]
[Round "2.152"]
[White "Price, David P"]
[WhiteElo "1640"]
[WhiteTeam "Crewe BOL"]
[Black "Jones, Humphrey C N"]
[BlackElo "1616"]
[BlackTeam "Charlton Cobras B"]
[Result "1/2-1/2"]

1. d4 d6 2. Nf3 Nf6 3. Nbd2 g6 4. e4 Bg7 5. Bd3 O-O 6. c3 Nc6 7. O-O e5 8. d5 Ne7 9. h3 Ne8 10. Nh2 f5 11. f4 c6 12. fxe5 cxd5 13. exd6 Qb6+ 14. Kh1 Nxd6 15. exd5 Nxd5 16. Nc4 Qc6 17. Nxd6 Qxd6 18. Bc4 Be6 19. Nf3 Rad8 20. Ng5 Bf7 21. Nxf7 Rxf7 22. Bg5 Bf6 23. Bxf6 Rxf6 24. Qb3 Kf8 25. Rad1 Ne3 26. Rxd6 Rfxd6 27. Re1 f4 28. Bg8 R6d7 29. Be6 Re7 30. Bc4 Rd2 31. Re2 Rd1+ 32. Kh2 Nf1+ 33. Kg1 Ne3+ 34. Kh2 Nf1+ 35. Kg1 Ne3+ 36. Kh2 1/2-1/2

[Event "4NCL Online Division 3"]
[Site "online"]
[Date "2022.02.08"]
[EventDate "2022.02.08"]
[Round "2.153"]
[White "Stebbings, Robert J"]
[WhiteElo "1631"]
[WhiteTeam "Charlton Cobras B"]
[Black "Crosby, Andrew"]
[BlackElo "1435"]
[BlackTeam "Crewe BOL"]
[Result "1-0"]

1. c4 b5 2. cxb5 a6 3. bxa6 Bxa6 4. d4 Nf6 5. Nf3 e6 6. Nc3 Be7 7. g3 O-O 8. Bg2 d5 9. O-O Nbd7 10. Bf4 c5 11. dxc5 Nxc5 12. b4 Nce4 13. Nxe4 Nxe4 14. Nd4 Nc3 15. Qb3 Nb5 16. Nc6 Qd7 17. Rfc1 Rfc8 18. Nxe7+ Qxe7 19. e3 Qf6 20. Bf1 e5 21. Qxd5 exf4 22. Bxb5 Rd8 23. Qc6 Bxb5 24. Qxb5 fxe3 25. fxe3 Rd2 26. Rf1 Qh6 27. Rf2 Qxe3 28. Rf1 Rad8 29. Qf5 Rxa2 30. Qxf7+ Kh8 31. Qxa2 Rd2 32. Qa8+ 1-0

[Event "4NCL Online Division 3"]
[Site "online"]
[Date "2022.02.08"]
[EventDate "2022.02.08"]
[Round "2.154"]
[White "Keenan, Mike"]
[WhiteElo "1208"]
[WhiteTeam "Crewe BOL"]
[Black "Roberts, Laurie B"]
[BlackElo "1698"]
[BlackTeam "Charlton Cobras B"]
[Result "0-1"]

1. e4 c6 2. Bc4 d5 3. exd5 cxd5 4. Bb3 Nf6 5. Nf3 Nc6 6. c3 e6 7. d3 Bd6 8. O-O O-O 9. Nbd2 Re8 10. Re1 Bd7 11. Nf1 a5 12. Bc2 Qc7 13. h3 h6 14. d4 b5 15. Bd3 b4 16. Bd2 bxc3 17. bxc3 Reb8 18. Ne3 Rb7 19. Rb1 Rab8 20. Rxb7 Rxb7 21. Ng4 Nxg4 22. hxg4 e5 23. g5 e4 24. Ba6 Rb6 25. gxh6 Rxa6 26. Ng5 Bf4 27. Bxf4 Qxf4 28. Qh5 gxh6 29. Qxh6 Bf5 30. g4 Qxg4+ 31. Kf1 Nb8 32. Qf6 Rxf6 0-1

[Event "4NCL Online Division 3"]
[Site "online"]
[Date "2022.02.08"]
[EventDate "2022.02.08"]
[Round "2.161"]
[White "Vadalia, Jainill"]
[WhiteElo "1140"]
[WhiteTeam "Phones Pals B"]
[Black "Strong, Chris M"]
[BlackElo "1745"]
[BlackTeam "Wells Globetrotters 1"]
[Result "1-0"]

1. d4 Nf6 2. c4 g6 3. Nc3 d5 4. Nf3 Bg7 5. Bf4 O-O 6. e3 c5 7. dxc5 Qa5 8. Be5 dxc4 9. Bd4 Nc6 10. Bxc4 Bg4 11. h3 Bh5 12. g4 Nxg4 13. hxg4 Bxg4 14. Be2 Rad8 15. Qa4 Qxa4 16. Nxa4 Bxf3 17. Bxf3 Nxd4 18. exd4 Rxd4 19. Bd1 Rc8 20. Bb3 e6 21. Rd1 Re4+ 22. Kf1 Bd4 23. Rh3 b5 24. cxb6 axb6 25. Rhd3 e5 26. Nc3 Rh4 27. Ke2 Rh2 28. Rf3 Rf8 29. Rd2 Kg7 30. Nb5 Bc5 31. Nc7 Bd4 32. Nb5 Bc5 33. Nd6 f5 34. Kf1 Kf6 35. Ne4+ Kg7 36. Nxc5 bxc5 37. Kg1 Rh4 38. Rc2 Rc8 39. Rfc3 Rg4+ 40. Kf1 h5 41. Rxc5 Rxc5 42. Rxc5 h4 43. Rc4 e4 44. f3 Rf4 45. Bd1 g5 46. Kg2 g4 47. fxg4 fxg4 48. Rc3 Kf6 49. a4 Ke5 50. a5 Kd4 51. a6 Rf6 52. a7 Ra6 53. Ra3 1-0

[Event "4NCL Online Division 3"]
[Site "online"]
[Date "2022.02.08"]
[EventDate "2022.02.08"]
[Round "2.162"]
[White "Goatcher, Matthew W"]
[WhiteElo "1702"]
[WhiteTeam "Wells Globetrotters 1"]
[Black "Lukhi, Neev"]
[BlackElo "970"]
[BlackTeam "Phones Pals B"]
[Result "0-1"]

1. c4 e5 2. g3 Nf6 3. Bg2 g6 4. Nc3 Bg7 5. e4 O-O 6. Nge2 Nc6 7. a3 a5 8. O-O d6 9. Rb1 Be6 10. d3 Qd7 11. Nd5 Bh3 12. Bh6 Bxg2 13. Bxg7 Nxd5 14. Kxg2 Kxg7 15. cxd5 Ne7 16. f4 c6 17. dxc6 Nxc6 18. f5 d5 19. Qd2 dxe4 20. f6+ Kh8 21. Qh6 Rg8 22. dxe4 Qd3 23. Nc3 Qd8 24. Nd5 Qf8 25. Qe3 Qb8 26. Rbc1 Qa7 27. Qc5 Rac8 28. Rfd1 Qxc5 29. Rxc5 Nd4 30. Rxa5 Rc2+ 31. Kh3 h5 32. Rf1 g5 33. Rh1 Nf3 34. g4 hxg4+ 35. Kg3 Nh4 36. Ne3 Rxb2 37. Rxe5 Kh7 38. Kxg4 Kh6 39. Re7 Re2 40. Nc4 Rg2+ 41. Kh3 Kh5 42. Ne3 g4+ 43. Nxg4 R2xg4 44. e5 Nf3 45. Rxf7 Rh4# 0-1

[Event "4NCL Online Division 3"]
[Site "online"]
[Date "2022.02.08"]
[EventDate "2022.02.08"]
[Round "2.163"]
[White "Benson, Alice"]
[WhiteElo "740"]
[WhiteTeam "Phones Pals B"]
[Black "Roome, Gregory"]
[BlackElo "1637"]
[BlackTeam "Wells Globetrotters 1"]
[Result "0-1"]

1. e4 c5 2. Nf3 Nc6 3. d4 cxd4 4. Nxd4 e5 5. Nxc6 bxc6 6. Nc3 Nf6 7. a3 h6 8. Bc4 Bb7 9. Qe2 Be7 10. O-O O-O 11. b4 Re8 12. Bb2 d5 13. Bb3 d4 14. Nb1 c5 15. bxc5 Bxc5 16. Nd2 Qc7 17. Rfe1 a5 18. a4 Bb4 19. f3 Qc5 20. Kh1 Rec8 21. Rad1 Ba6 22. Qf2 Ra7 23. f4 Ng4 24. Qg3 Ne3 25. Rxe3 dxe3 26. Bxe5 g6 27. Qxg6+ Kf8 28. Qg7+ Ke8 29. Qh8+ Qf8 30. Nf3 Qxh8 31. Bxh8 e2 32. Rc1 Rd7 33. Bd4 e1=Q+ 34. Nxe1 Bxe1 35. Rxe1 Rxd4 36. h3 Rcd8 37. c3 Rd3 38. e5 Rxc3 39. Ba2 Bb7 40. e6 f6 41. e7 Rdc8 42. Re6 Bxg2+ 43. Kxg2 Rc2+ 44. Kg3 Rxa2 45. Rxf6 Kxe7 46. Rxh6 Rg8+ 47. Kf3 Rxa4 48. f5 Kf7 49. h4 Rb4 50. h5 a4 51. Ra6 Rc8 52. h6 Rc3+ 53. Ke2 Rb2+ 54. Kd1 Rh3 55. Kc1 Rg2 0-1

[Event "4NCL Online Division 3"]
[Site "online"]
[Date "2022.02.08"]
[EventDate "2022.02.08"]
[Round "2.164"]
[White "Johnson, RN Phil"]
[WhiteElo "1629"]
[WhiteTeam "Wells Globetrotters 1"]
[Black "Srivastava, Aditya"]
[BlackElo "654"]
[BlackTeam "Phones Pals B"]
[Result "0-1"]

1. d4 d5 2. Bf4 c5 3. e3 cxd4 4. exd4 Nf6 5. Nf3 Nc6 6. c3 Bf5 7. Bb5 e6 8. Qa4 Qb6 9. O-O Be7 10. Ne5 Rc8 11. Bg5 h6 12. Bh4 a6 13. Bxc6+ bxc6 14. b4 g5 15. Bg3 Ne4 16. Qd1 h5 17. f4 f6 18. Nd3 h4 19. Be1 gxf4 20. Rxf4 Bd6 21. Rxh4 Ke7 22. Qf3 Qb8 23. Rxh8 Rxh8 24. g3 Rg8 25. Kg2 Nxg3 26. Bxg3 Be4 0-1

[Event "4NCL Online Division 3"]
[Site "online"]
[Date "2022.02.22"]
[EventDate "2022.02.22"]
[Round "3.11"]
[White "Smith, Andrew R"]
[WhiteElo "1692"]
[WhiteTeam "Morriston Benko"]
[Black "Penny, Liam"]
[BlackElo "1731"]
[BlackTeam "Shropshire and Friends 4"]
[Result "0-1"]
[PlyCount "44"]

1. e4 d5 2. exd5 Nf6 3. Nc3 Nxd5 4. d4 Nc6 5. Nxd5 Qxd5 6. Nf3 Bg4 7. c3 Bxf3 8. gxf3 O-O-O 9. Bf4 f6 10. Qa4 Qxf3 11. Bh3+ Qxh3 12. O-O-O Qf5 13. Bg3 e6 14. Rhe1 Bd6 15. b4 Bxg3 16. fxg3 a6 17. Rf1 Qg5+ 18. Kb2 Qb5 19. Qb3 Rhe8 20. a4 Qd5 21. Qa3 Qc4 22. Rf4 e5 0-1

[Event "4NCL Online Division 3"]
[Site "online"]
[Date "2022.02.22"]
[EventDate "2022.02.22"]
[Round "3.12"]
[White "Smith, Mark"]
[WhiteElo "1729"]
[WhiteTeam "Shropshire and Friends 4"]
[Black "Jones, Huw"]
[BlackElo "1617"]
[BlackTeam "Morriston Benko"]
[Result "1-0"]
[PlyCount "57"]

1. e4 d5 2. exd5 Nf6 3. Bb5+ Nbd7 4. c4 a6 5. Ba4 b5 6. cxb5 Nxd5 7. Bb3 N7f6 8. Nc3 Nf4 9. Qf3 Nd3+ 10. Kf1 Bg4 11. Qe3 axb5 12. Nxb5 Bf5 13. Qd4 Qxd4 14. Nxd4 Bd7 15. Bc4 e5 16. Nb5 Nxc1 17. Nxc7+ Kd8 18. Nxa8 Bc6 19. Rxc1 Bxa8 20. Nf3 Ne4 21. Ke2 Bc5 22. Rhf1 f6 23. d3 Nd6 24. Bb3 Bb6 25. Ne1 Nf5 26. Nf3 Ke7 27. Rc3 Ba5 28. Rc5 Bb6 29. Rb5 1-0

[Event "4NCL Online Division 3"]
[Site "online"]
[Date "2022.02.22"]
[EventDate "2022.02.22"]
[Round "3.13"]
[White "Williams, Luke"]
[WhiteElo "1658"]
[WhiteTeam "Morriston Benko"]
[Black "Nield, Robert C"]
[BlackElo "1707"]
[BlackTeam "Shropshire and Friends 4"]
[Result "0-1"]
[PlyCount "88"]

1. e4 e6 2. d4 d5 3. exd5 exd5 4. Nf3 Bg4 5. c4 c6 6. h3 Bh5 7. Nc3 Bd6 8. cxd5 cxd5 9. Nxd5 Ne7 10. Nf4 Bb4+ 11. Bd2 Bxd2+ 12. Qxd2 Bxf3 13. gxf3 O-O 14. Bg2 Nd5 15. O-O Qg5 16. Kh2 Qxf4+ 17. Qxf4 Nxf4 18. Rac1 Nc6 19. a3 Rad8 20. Rfd1 Rxd4 21. Rxd4 Nxd4 22. Rc7 Rb8 23. Bf1 Nde2 24. Re7 Kf8 25. Re4 Re8 26. Rb4 b6 27. Ra4 Re7 28. Rc4 f6 29. Rc8+ Kf7 30. Rh8 h6 31. Rc8 g5 32. Rc4 h5 33. b3 h4 34. Kh1 Rd7 35. Kh2 Kg6 36. Re4 Nd4 37. Re3 b5 38. b4 a6 39. Rc3 Nde2 40. Rc2 Re7 41. Rc6 Nd4 42. Rc3 Re1 43. Bd3+ f5 44. Bc2 Re2 0-1

[Event "4NCL Online Division 3"]
[Site "online"]
[Date "2022.02.22"]
[EventDate "2022.02.22"]
[Round "3.14"]
[White "Westhead, John A"]
[WhiteElo "1603"]
[WhiteTeam "Shropshire and Friends 4"]
[Black "Salisbury, Philip"]
[BlackElo "1485"]
[BlackTeam "Morriston Benko"]
[Result "1-0"]
[PlyCount "113"]

1. d4 d5 2. c4 e5 3. cxd5 Qxd5 4. Nc3 Bb4 5. Qa4+ Nc6 6. Qxb4 Nxb4 7. Nxd5 Nxd5 8. dxe5 Nb4 9. Kd1 Bf5 10. Bd2 O-O-O 11. a3 Nd5 12. g3 Nb6 13. Rc1 Na4 14. b3 Nb2+ 15. Ke1 f6 16. Bc3 Ne7 17. Bxb2 fxe5 18. Bxe5 c6 19. Bxg7 Rhg8 20. Bf6 Rde8 21. Bh3 Bxh3 22. Nxh3 Nd5 23. Bd4 Rg4 24. e3 Rxd4 25. Ke2 Rde4 26. Rhe1 Nf6 27. Kf3 R4e5 28. Rc4 Nd5 29. Nf4 Rf8 30. Kg2 Nf6 31. Rd1 h5 32. Ng6 Rfe8 33. Nxe5 Rxe5 34. Rcd4 Re8 35. Rd6 Ne4 36. Rh6 Rf8 37. f4 Nf6 38. Rd6 Ng4 39. Rhe6 h4 40. h3 Nxe3+ 41. Rxe3 hxg3 42. Kxg3 Kc7 43. Rde6 Rg8+ 44. Kh2 Rf8 45. Rf3 Kd7 46. Ree3 b6 47. f5 a6 48. h4 Kd6 49. Rf4 c5 50. Kh3 b5 51. h5 Rh8 52. Kh4 Kd5 53. f6 a5 54. f7 Rf8 55. h6 c4 56. bxc4+ bxc4 57. h7 1-0

[Event "4NCL Online Division 3"]
[Site "online"]
[Date "2022.02.22"]
[EventDate "2022.02.22"]
[Round "3.21"]
[White "Bucher, Goetz"]
[WhiteElo "1969"]
[WhiteTeam "Bearsden Grizzlies"]
[Black "Littlefair, Paul"]
[BlackElo "1659"]
[BlackTeam "Watford 2"]
[Result "0-1"]
[PlyCount "84"]

1. e4 e5 2. f4 Bc5 3. Nf3 d6 4. Nc3 Nf6 5. Bc4 Nc6 6. d3 O-O 7. Na4 Bb6 8. Nxb6 axb6 9. O-O Re8 10. c3 Na5 11. Bb5 c6 12. Ba4 b5 13. Bc2 c5 14. fxe5 dxe5 15. Be3 b6 16. b4 Nb7 17. Qe2 Ng4 18. Bg5 Qd6 19. h3 Nf6 20. Nh4 Nd7 21. Nf5 Qf8 22. Qg4 Nd6 23. Be7 Rxe7 24. Nxd6 Nf6 25. Qh4 Be6 26. Nf5 Bxf5 27. Rxf5 c4 28. d4 Rae8 29. d5 Ra7 30. a4 Qd6 31. Raf1 bxa4 32. Rxf6 gxf6 33. Rxf6 Qe7 34. d6 Qd8 35. Qg5+ Kh8 36. Bxa4 Re6 37. Rxe6 Qxg5 38. Re8+ Kg7 39. d7 Rxa4 40. d8=Q Ra1+ 41. Kf2 Qf4+ 42. Ke2 Ra2+ 0-1

[Event "4NCL Online Division 3"]
[Site "online"]
[Date "2022.02.22"]
[EventDate "2022.02.22"]
[Round "3.22"]
[White "Vig, Sanjay"]
[WhiteElo "1640"]
[WhiteTeam "Watford 2"]
[Black "Colston, Rob"]
[BlackElo "1872"]
[BlackTeam "Bearsden Grizzlies"]
[Result "0-1"]
[PlyCount "68"]

1. e4 e6 2. d4 d5 3. e5 c5 4. c3 Ne7 5. f4 Nec6 6. Nf3 Nd7 7. a3 Be7 8. Bd3 Qb6 9. Nbd2 cxd4 10. cxd4 f6 11. Qb3 Nxd4 12. Qxb6 Nxf3+ 13. Nxf3 Nxb6 14. Be3 Nd7 15. O-O Bc5 16. Rfe1 O-O 17. Rac1 Bxe3+ 18. Rxe3 fxe5 19. fxe5 Nb6 20. Ng5 h6 21. Nf3 Bd7 22. Nh4 Rac8 23. Ree1 Rxc1 24. Rxc1 Rc8 25. Rf1 Nc4 26. Ng6 Re8 27. Bxc4 dxc4 28. Rc1 b5 29. a4 Kh7 30. Nf4 Rb8 31. Rd1 Rb7 32. a5 b4 33. Rc1 Rc7 34. b3 cxb3 0-1

[Event "4NCL Online Division 3"]
[Site "online"]
[Date "2022.02.22"]
[EventDate "2022.02.22"]
[Round "3.23"]
[White "Watt, David A"]
[WhiteElo "1921"]
[WhiteTeam "Bearsden Grizzlies"]
[Black "Shaw, David K"]
[BlackElo "1624"]
[BlackTeam "Watford 2"]
[Result "1-0"]
[PlyCount "123"]

1. e4 e6 2. d4 d5 3. e5 c5 4. c3 Nc6 5. Nf3 Qc7 6. a3 f6 7. exf6 Nxf6 8. Bd3 cxd4 9. cxd4 Bd6 10. Nc3 a6 11. O-O O-O 12. Re1 e5 13. dxe5 Nxe5 14. Be2 Be6 15. Ng5 Bf7 16. Nxf7 Qxf7 17. f4 Bc5+ 18. Kh1 Nc6 19. Bf3 Rad8 20. Qd3 Nd4 21. b4 Nxf3 22. Qxf3 Ba7 23. Bb2 Rfe8 24. Rad1 Rxe1+ 25. Rxe1 Qd7 26. Rd1 d4 27. Ne4 Nxe4 28. Qxe4 Re8 29. Qd3 Rd8 30. Qc4+ Qd5 31. Qxd5+ Rxd5 32. Rd3 Kf7 33. g3 g6 34. Kg2 Ke6 35. Kf3 Kf5 36. g4+ Ke6 37. Ke4 Bb6 38. Bxd4 Bc7 39. Bc3 Rxd3 40. f5+ gxf5+ 41. gxf5+ Kf7 42. Kxd3 Bxh2 43. Ke4 h5 44. Be1 Kf6 45. Bh4+ Kf7 46. Kd5 Bg1 47. a4 Be3 48. b5 axb5 49. axb5 b6 50. Ke4 Bc5 51. Kf4 Bd6+ 52. Kg5 Be7+ 53. Kxh5 Bxh4 54. Kxh4 Kf6 55. Kg4 Kf7 56. Kf4 Kf6 57. Ke4 Kf7 58. Kd5 Kf6 59. Kc6 Kxf5 60. Kxb6 Ke6 61. Kc7 Kd5 62. b6 1-0

[Event "4NCL Online Division 3"]
[Site "online"]
[Date "2022.02.22"]
[EventDate "2022.02.22"]
[Round "3.24"]
[White "Hylands, Keith"]
[WhiteElo "1418"]
[WhiteTeam "Watford 2"]
[Black "Nield, Christopher"]
[BlackElo "1157"]
[BlackTeam "Bearsden Grizzlies"]
[Result "0-1"]
[PlyCount "70"]

1. d4 Nf6 2. c4 e6 3. Nc3 Bb4 4. e3 Ne4 5. Qc2 Nxc3 6. bxc3 Be7 7. Bd3 h6 8. Nf3 d5 9. O-O O-O 10. a4 Nc6 11. Re1 f5 12. Rb1 Bf6 13. cxd5 exd5 14. c4 dxc4 15. Bxc4+ Kh8 16. Bd3 Qe7 17. Bb2 Nb4 18. Qb3 Nxd3 19. Qxd3 Bd7 20. Ba3 Qe4 21. Qc4 Rfc8 22. Nd2 Qc6 23. Qxc6 Bxc6 24. a5 b6 25. axb6 axb6 26. Ra1 Bb7 27. Nf3 Bxf3 28. gxf3 c5 29. dxc5 Bxa1 30. Rxa1 bxc5 31. Bb2 Rxa1+ 32. Bxa1 c4 33. Bc3 Rd8 34. Bd4 Rxd4 35. exd4 c3 0-1

[Event "4NCL Online Division 3"]
[Site "online"]
[Date "2022.02.22"]
[EventDate "2022.02.22"]
[Round "3.31"]
[White "Nandi, Asoke K"]
[WhiteElo "1571"]
[WhiteTeam "Uxbridge C"]
[Black "Morgan, Jamie"]
[BlackElo "1781"]
[BlackTeam "Kernow Knights"]
[Result "0-1"]
[PlyCount "94"]

1. e4 c5 2. Nf3 g6 3. d4 cxd4 4. Nxd4 Nc6 5. c3 Bg7 6. Nf3 Nf6 7. Bd3 d6 8. Bg5 O-O 9. O-O Bg4 10. Bxf6 Bxf6 11. Nbd2 Ne5 12. Be2 Qc7 13. Qc2 Rac8 14. Rac1 a6 15. Rfe1 Nxf3+ 16. Nxf3 b5 17. Qd3 Qc4 18. Qb1 Qa4 19. b3 Qa5 20. c4 b4 21. Rc2 Rc5 22. Qd1 Rcc8 23. Nd4 Bxe2 24. Nxe2 Qe5 25. Ng3 Rfd8 26. Nf1 Qd4 27. Rd2 Qc5 28. Rd5 Qc7 29. Rd3 Bg7 30. Ne3 e6 31. Nf1 Qc5 32. Re2 Qc6 33. Nd2 a5 34. Nf3 a4 35. Nd4 Qc5 36. Nb5 d5 37. exd5 exd5 38. Rxd5 Rxd5 39. Qxd5 Qxd5 40. Re1 Qd2 41. Rf1 Qxa2 42. bxa4 b3 43. Nd6 Rc6 44. Nb5 Qxa4 45. Rd1 Rc8 46. Nd6 b2 47. Nxc8 Qxd1# 0-1

[Event "4NCL Online Division 3"]
[Site "online"]
[Date "2022.02.22"]
[EventDate "2022.02.22"]
[Round "3.32"]
[White "Healey, Grant"]
[WhiteElo "1778"]
[WhiteTeam "Kernow Knights"]
[Black "Li, Lucian"]
[BlackElo "1424"]
[BlackTeam "Uxbridge C"]
[Result "1-0"]
[PlyCount "61"]

1. d4 d5 2. Bg5 h6 3. Bh4 Bf5 4. e3 Nc6 5. Bb5 Qd7 6. Nf3 a6 7. Ne5 Qe6 8. Bxc6+ bxc6 9. c3 Nf6 10. Qa4 Rb8 11. Nxc6 Rxb2 12. O-O Rb6 13. Ne5+ Nd7 14. Nd2 g5 15. Bg3 Bg7 16. Nxd7 Qxd7 17. Qxd7+ Kxd7 18. Nb3 h5 19. f3 h4 20. Bf2 Bd3 21. Rfe1 h3 22. g3 Rf6 23. Nc5+ Kc8 24. Nxd3 Rxf3 25. Nc5 Rh6 26. Rab1 Rhf6 27. Re2 g4 28. Reb2 c6 29. Rb8+ Kc7 30. R1b7+ Kd6 31. Rd8# 1-0

[Event "4NCL Online Division 3"]
[Site "online"]
[Date "2022.02.22"]
[EventDate "2022.02.22"]
[Round "3.33"]
[White "Aggarwal, Jai"]
[WhiteElo "1405"]
[WhiteTeam "Uxbridge C"]
[Black "Robinson, Neil"]
[BlackElo "1711"]
[BlackTeam "Kernow Knights"]
[Result "1-0"]
[PlyCount "51"]

1. e4 c6 2. d4 d5 3. e5 Bf5 4. Nf3 e6 5. Be2 c5 6. c3 Nc6 7. O-O h6 8. Be3 Qb6 9. Na3 c4 10. Nxc4 dxc4 11. d5 Qxb2 12. dxc6 bxc6 13. Bxc4 Qxc3 14. Rc1 Qa5 15. Nd4 Be4 16. f3 Bd5 17. Bxd5 cxd5 18. Rc2 Bc5 19. Rxc5 Qxc5 20. Qa4+ Kf8 21. Nxe6+ fxe6 22. Bxc5+ Kf7 23. Qd7+ Kg6 24. Qxe6+ Kh7 25. Qf5+ g6 26. Qf7# 1-0

[Event "4NCL Online Division 3"]
[Site "online"]
[Date "2022.02.22"]
[EventDate "2022.02.22"]
[Round "3.34"]
[White "Willis, Toby W"]
[WhiteElo "1768"]
[WhiteTeam "Kernow Knights"]
[Black "Cepoi, Gesneria-Codruta"]
[BlackElo "1404"]
[BlackTeam "Uxbridge C"]
[Result "1-0"]
[PlyCount "27"]

1. d4 f5 2. c4 Nf6 3. g3 e6 4. Bg2 d5 5. Nf3 dxc4 6. O-O Nbd7 7. Nc3 Nb6 8. Qc2 Bd7 9. Ne5 Be7 10. Bxb7 Rb8 11. Bc6 O-O 12. Bxd7 Nfxd7 13. Nc6 Qc8 14. Nxe7+ 1-0

[Event "4NCL Online Division 3"]
[Site "online"]
[Date "2022.02.22"]
[EventDate "2022.02.22"]
[Round "3.41"]
[White "Smith, Peter J"]
[WhiteElo "1582"]
[WhiteTeam "Bishop Trojans"]
[Black "Freund, Michael P"]
[BlackElo "1699"]
[BlackTeam "Deaf England 1"]
[Result "1-0"]
[PlyCount "83"]

1. h3 e5 2. a3 d5 3. d3 Nf6 4. c3 Bd6 5. Qc2 O-O 6. Nd2 Re8 7. e4 Nc6 8. Ngf3 Be6 9. g4 Ne7 10. Bg2 c6 11. Nf1 Ng6 12. Ng3 Nf4 13. Bxf4 exf4 14. Ne2 dxe4 15. dxe4 Bd7 16. Nd2 Bc7 17. Bf3 h6 18. O-O-O Qe7 19. Rdg1 Nh7 20. h4 c5 21. Rh2 Bc6 22. g5 hxg5 23. hxg5 g6 24. Kb1 Kg7 25. Rhg2 Rad8 26. Ka1 Kg8 27. Nc1 Nf8 28. Rh2 Nh7 29. Rhg2 Nf8 30. c4 Ne6 31. Rh1 Kg7 32. Qc3+ Nd4 33. Rgh2 Rh8 34. Rxh8 Rxh8 35. Rxh8 Kxh8 36. Ncb3 Kg8 37. Nxd4 cxd4 38. Qxd4 Bb6 39. Qd3 Qxg5 40. Nb3 Qe5 41. Ka2 Kg7 42. Qc2 1-0

[Event "4NCL Online Division 3"]
[Site "online"]
[Date "2022.02.22"]
[EventDate "2022.02.22"]
[Round "3.42"]
[White "MacLeod, Alasdair"]
[WhiteElo "1790"]
[WhiteTeam "Deaf England 1"]
[Black "Robinson, Brian"]
[BlackElo "1640"]
[BlackTeam "Bishop Trojans"]
[Result "1/2-1/2"]
[PlyCount "43"]

1. e4 c5 2. Nf3 d6 3. d4 cxd4 4. Nxd4 Nf6 5. Nc3 g6 6. Be3 Bg7 7. f3 O-O 8. Qd2 Nc6 9. Bc4 Nxd4 10. Bxd4 Be6 11. Bb3 Qa5 12. O-O-O b5 13. Kb1 b4 14. Ne2 Qb5 15. h4 a5 16. Bxe6 fxe6 17. h5 a4 18. hxg6 hxg6 19. Bxf6 Rxf6 20. Nd4 Qa6 21. Qd3 Qb6 22. Qb5 1/2-1/2

[Event "4NCL Online Division 3"]
[Site "online"]
[Date "2022.02.22"]
[EventDate "2022.02.22"]
[Round "3.43"]
[White "Bainbridge, Bryan J"]
[WhiteElo "1543"]
[WhiteTeam "Bishop Trojans"]
[Black "Marchant-Winsor, Jordan"]
[BlackElo "1613"]
[BlackTeam "Deaf England 1"]
[Result "0-1"]
[PlyCount "58"]

1. e4 c5 2. Nc3 e6 3. g3 d5 4. Bg2 d4 5. Nb1 Nf6 6. d3 e5 7. f4 Bd6 8. f5 O-O 9. g4 b5 10. b3 c4 11. h3 Bb7 12. Ba3 Bxa3 13. Nxa3 Qa5+ 14. Qd2 Qxa3 15. Nf3 c3 16. Qe2 Nbd7 17. g5 Nh5 18. Qf2 Nf4 19. O-O Rae8 20. Nxd4 Nxg2 21. Nxb5 Qb4 22. Nc7 Rc8 23. Nd5 Bxd5 24. exd5 Nf4 25. Qxa7 Nxh3+ 26. Kg2 Qg4+ 27. Kh2 Qh4 28. Qxd7 Nf4+ 29. Kg1 Qg3+ 0-1

[Event "4NCL Online Division 3"]
[Site "online"]
[Date "2022.02.22"]
[EventDate "2022.02.22"]
[Round "3.44"]
[White "Hunter, Gary"]
[WhiteElo "1465"]
[WhiteTeam "Deaf England 1"]
[Black "Berry, Robert"]
[BlackElo "1499"]
[BlackTeam "Bishop Trojans"]
[Result "1-0"]
[PlyCount "41"]

1. Nf3 Nc6 2. g3 e5 3. d3 Nf6 4. Nbd2 h6 5. e4 Bb4 6. h3 d6 7. c3 Ba5 8. Bg2 Bb6 9. a4 O-O 10. O-O Bd7 11. Nc4 Na5 12. Nxb6 axb6 13. b4 Nc6 14. Re1 Qc8 15. Kh2 Ne7 16. Bb2 c5 17. b5 Nh7 18. d4 cxd4 19. cxd4 exd4 20. Qxd4 Qc5 21. Qxg7# 1-0

[Event "4NCL Online Division 3"]
[Site "online"]
[Date "2022.02.22"]
[EventDate "2022.02.22"]
[Round "3.51"]
[White "Buswell, A Mark"]
[WhiteElo "1781"]
[WhiteTeam "Hertford 2"]
[Black "Bentley, John L"]
[BlackElo "2146"]
[BlackTeam "Ashton"]
[Result "0-1"]
[PlyCount "68"]

1. d4 Nf6 2. c4 g6 3. Nc3 Bg7 4. e4 d6 5. f3 O-O 6. Nge2 Nbd7 7. Be3 e5 8. Qd2 c6 9. d5 cxd5 10. cxd5 a6 11. g4 h5 12. gxh5 Nxh5 13. Ng3 Nf4 14. h4 Nf6 15. Nce2 N6h5 16. Nxh5 Nxh5 17. O-O-O f5 18. Kb1 fxe4 19. fxe4 Bg4 20. Rc1 Bf3 21. Rg1 Bxe4+ 22. Ka1 Rc8 23. Nc3 Bf5 24. Bg5 Qd7 25. Be2 Nf4 26. Bf3 Nd3 27. Rc2 Nb4 28. Rcc1 e4 29. Nxe4 Qa4 30. Nc3 Rxc3 31. bxc3 Bc2 32. Rxc2 Nxc2+ 33. Kb1 Na3+ 34. Ka1 Rxf3 0-1

[Event "4NCL Online Division 3"]
[Site "online"]
[Date "2022.02.22"]
[EventDate "2022.02.22"]
[Round "3.52"]
[White "Khan, Mohammed"]
[WhiteElo "1800"]
[WhiteTeam "Ashton"]
[Black "Wooster, Nick"]
[BlackElo "1637"]
[BlackTeam "Hertford 2"]
[Result "1-0"]
[PlyCount "63"]

1. e4 c5 2. Nc3 e6 3. f4 a6 4. a4 Nc6 5. Nf3 d5 6. d3 d4 7. Ne2 Nf6 8. g3 Be7 9. Bg2 O-O 10. O-O Qc7 11. h3 Bd7 12. g4 h6 13. Ng3 Nh7 14. Qe1 Nb4 15. Qe2 g5 16. Nh5 f6 17. e5 Nd5 18. f5 Rae8 19. Bd2 fxe5 20. Nxe5 Bd6 21. Nxd7 Qxd7 22. fxe6 Qc6 23. Rxf8+ Rxf8 24. e7 Re8 25. Qe6+ Kh8 26. Bxd5 Qc7 27. Nf6 Bh2+ 28. Kg2 Qg3+ 29. Kf1 Bg1 30. Qf5 Rxe7 31. Qc8+ Kg7 32. Nh5+ 1-0

[Event "4NCL Online Division 3"]
[Site "online"]
[Date "2022.02.22"]
[EventDate "2022.02.22"]
[Round "3.53"]
[White "Hutton, Allan"]
[WhiteElo "1548"]
[WhiteTeam "Hertford 2"]
[Black "McBeath, Joel"]
[BlackElo "1718"]
[BlackTeam "Ashton"]
[Result "1/2-1/2"]
[PlyCount "103"]

1. Nf3 Nf6 2. g3 b6 3. Bg2 Bb7 4. O-O e6 5. d3 d5 6. Nbd2 c5 7. Re1 Be7 8. Ne5 Nfd7 9. Ndf3 Nc6 10. Nxc6 Bxc6 11. e4 O-O 12. e5 b5 13. h4 a5 14. Bg5 d4 15. Bxe7 Qxe7 16. Ng5 Bxg2 17. Kxg2 h6 18. Nh3 Nb6 19. Re4 Nd5 20. Qh5 f5 21. Ree1 a4 22. Nf4 Nxf4+ 23. gxf4 Qf7 24. Qxf7+ Kxf7 25. b3 Ra7 26. Rab1 axb3 27. axb3 Ra2 28. Rbc1 c4 29. dxc4 bxc4 30. bxc4 Rc8 31. c5 Rxc5 32. Red1 Rc4 33. h5 g6 34. hxg6+ Kxg6 35. Kg3 Ra3+ 36. f3 Rac3 37. Rb1 Rxc2 38. Rb6 Kf7 39. Rb7+ Ke8 40. Rb6 Ke7 41. Rb7+ Kd8 42. Rb6 Ke7 43. Rb7+ Kf8 44. Rb6 Ra2 45. Rd6 Rcc2 46. Rg1 Rd2 47. Rxe6 d3 48. Rd6 Ra3 49. Rb1 Raa2 50. Rg1 Ra3 51. Rb1 Raa2 52. Rg1 1/2-1/2

[Event "4NCL Online Division 3"]
[Site "online"]
[Date "2022.02.22"]
[EventDate "2022.02.22"]
[Round "3.54"]
[White "Supatan, Denzel"]
[WhiteElo "1544"]
[WhiteTeam "Ashton"]
[Black "Zsibrita, Steve"]
[BlackElo "1481"]
[BlackTeam "Hertford 2"]
[Result "1/2-1/2"]
[PlyCount "60"]

1. e4 e5 2. Nc3 Nc6 3. Bc4 Nf6 4. d3 Bc5 5. Be3 Bxe3 6. fxe3 O-O 7. Nf3 d6 8. O-O Bg4 9. Qe1 Na5 10. Bb3 Nxb3 11. axb3 h6 12. h3 Bh5 13. Nd5 Nxd5 14. exd5 Qe7 15. e4 Bg6 16. Qg3 Bh7 17. Nh4 Qg5 18. Qxg5 hxg5 19. Nf3 f6 20. Rf2 c6 21. dxc6 bxc6 22. Ra6 d5 23. Nd2 dxe4 24. Nxe4 Bxe4 25. dxe4 Rfc8 26. Rd2 Rc7 27. Ra4 Kf7 28. Rc4 Rac8 29. Rd3 Ke7 30. Kf2 Rd8 1/2-1/2